000 00627nam a2200181Ia 4500
003 GCL
008 140319s9999 xx 000 0 ara d
040 _aGCL /
_cGCL
082 0 4 _a338.962
_bع س
100 1 _aعلى صبرى
245 1 0 _aسنوات التحول الاشتراكى وتقييم الخطة الخمسية الاولى /
_cعلى صبرى
300 _a199 ص
490 _aالهيئة العامة للاستعلامات
_v0
650 0 4 _aالاشتراكية
650 0 4 _aالتنمية الاقتصادية
650 0 4 _aمصر - تاريخ - العصر الحديث (1805 - 1956 )
942 _2ddc
_cBK
999 _c46881
_d46881